000
00309nam a2200109Ia 4500
008
200302s9999 xx 000 0 und d
100
_a
Cyril M. Harris ed.,
245
_a
Dictionary of Architecture and Construction 3 ed.,
260
_b
Mcgraw- hill International Book co.,
260
_c
2000
300
_a
1028 P.,
999
_c
1497
_d
1497